<?xml version="1.0" encoding="UTF-8"?><marc:collection xmlns:marc="http://www.loc.gov/MARC21/slim">
  <marc:record>
    <marc:leader>00000nam##2200000za#4500</marc:leader>
    <marc:controlfield tag="001">9.680865</marc:controlfield>
    <marc:controlfield tag="003">CaOODSP</marc:controlfield>
    <marc:controlfield tag="005">20200330065111</marc:controlfield>
    <marc:controlfield tag="007">ta</marc:controlfield>
    <marc:controlfield tag="008">150407|1999||||xxc|||||     f|0| 0 fre|d</marc:controlfield>
    <marc:datafield tag="020" ind1=" " ind2=" ">
      <marc:subfield code="a">0-662-83958-7</marc:subfield>
    </marc:datafield>
    <marc:datafield tag="040" ind1=" " ind2=" ">
      <marc:subfield code="a">CaOODSP</marc:subfield>
      <marc:subfield code="b">fre</marc:subfield>
    </marc:datafield>
    <marc:datafield tag="043" ind1=" " ind2=" ">
      <marc:subfield code="a">n-cn---</marc:subfield>
    </marc:datafield>
    <marc:datafield tag="086" ind1="1" ind2=" ">
      <marc:subfield code="a">SW21-38/1999F</marc:subfield>
    </marc:datafield>
    <marc:datafield tag="110" ind1="1" ind2=" ">
      <marc:subfield code="a">Canada. </marc:subfield>
      <marc:subfield code="b">Condition féminine Canada.</marc:subfield>
    </marc:datafield>
    <marc:datafield tag="245" ind1="1" ind2="0">
      <marc:subfield code="a">Les prestations d'invalidité du RPC : </marc:subfield>
      <marc:subfield code="b">un accès au revenu pour les femmes handicapées / </marc:subfield>
      <marc:subfield code="c">par Tanis Doe et Sally Kimpson. </marc:subfield>
    </marc:datafield>
    <marc:datafield tag="260" ind1=" " ind2=" ">
      <marc:subfield code="a">Ottawa - Ontario : </marc:subfield>
      <marc:subfield code="b">Condition féminine Canada </marc:subfield>
      <marc:subfield code="c">1999.</marc:subfield>
    </marc:datafield>
    <marc:datafield tag="300" ind1=" " ind2=" ">
      <marc:subfield code="a">xiii, 112p. : </marc:subfield>
      <marc:subfield code="b">tableaux ; </marc:subfield>
      <marc:subfield code="c">28 cm.</marc:subfield>
    </marc:datafield>
    <marc:datafield tag="500" ind1=" " ind2=" ">
      <marc:subfield code="a">Données de catalogage avant publication (Canada) imprimées dans cette publication. «Dans la présente étude, nous proposons une nouvelle politique en matière de pensions qui répartirait équitablement les ressources et serait adapté à diverses circonstances, comme des fluctuations de l'état de santé et de la capacité de travailler. Nous avons mené des entrevues avec des femmes handicapées, dans le cadre de groupes de discussion, et consulté les responsables de l'administration du RPC dans le but de formuler des recommandations visant à donner accès au revenu.»--Sommaire.</marc:subfield>
    </marc:datafield>
    <marc:datafield tag="504" ind1=" " ind2=" ">
      <marc:subfield code="a">Bibliographie.</marc:subfield>
    </marc:datafield>
    <marc:datafield tag="520" ind1="3" ind2=" ">
      <marc:subfield code="a">Dans la présente étude, nous proposons une nouvelle politique en matière de pensions qui répartirait équitablement les ressources et serait adapté à diverses circonstances, comme des fluctuations de l'état de santé et de la capacité de travailler. Nous avons mené des entrevues avec des femmes handicapées, dans le cadre de groupes de discussion, et consulté les responsables de l'administration du RPC dans le but de formuler des recommandations visant à donner accès au revenu.--Sommaire</marc:subfield>
    </marc:datafield>
    <marc:datafield tag="563" ind1=" " ind2=" ">
      <marc:subfield code="a">Couverture souple</marc:subfield>
    </marc:datafield>
    <marc:datafield tag="590" ind1=" " ind2=" ">
      <marc:subfield code="a">00-22</marc:subfield>
      <marc:subfield code="b">2000-06-22</marc:subfield>
    </marc:datafield>
    <marc:datafield tag="720" ind1="1" ind2=" ">
      <marc:subfield code="a">Doe, Tanis</marc:subfield>
    </marc:datafield>
    <marc:datafield tag="720" ind1="1" ind2=" ">
      <marc:subfield code="a">Kimpson, Sally</marc:subfield>
    </marc:datafield>
    <marc:datafield tag="776" ind1="0" ind2="#">
      <marc:subfield code="t">Les prestations d'invalidité du RPC : </marc:subfield>
      <marc:subfield code="w">(CaOODSP)9.632885</marc:subfield>
    </marc:datafield>
  </marc:record>
</marc:collection>
